| 000 | 00474pab a2200169 454500 | ||
|---|---|---|---|
| 008 | 180718b1996 xxu||||| |||| 00| 0 eng d | ||
| 100 | _aSanghavi, Nagindas | ||
| 245 | _aGujarat-President's rule: temporary quiet | ||
| 260 | _c1996 | ||
| 300 | _ap.2588-590 | ||
| 362 | _a21 Sep | ||
| 650 | _aPresidents - India - Gujarat | ||
| 650 | _aGujarat - Politics and government | ||
| 650 | _aPolitics and government | ||
| 773 | _aEconomic and Political Weekly | ||
| 909 | _a32067 | ||
| 999 |
_c32067 _d32067 |
||